LEADER 01314nam--2200421---450- 001 990002766140203316 005 20060623120703.0 035 $a000276614 035 $aUSA01000276614 035 $a(ALEPH)000276614USA01 035 $a000276614 100 $a20060623d1998----km-y0itay0103----ba 101 $aita 102 $aIT 105 $a||||||||001yy 200 1 $a<> aeroporti europei$eprofili organizzativi ed economici$fMinistero dei trasporti e della navigazione, direzione generale programmazione, organizzazione e coordinamento 210 $aRoma$cIstituto poligrafico e zecca dello stato$d1998 215 $a151 p.$d24 cm 410 0$12001 454 1$12001 461 1$1001-------$12001 606 0 $aAeroporti$yEuropa 676 $a387.7360945 710 02$aItalia$b: Direzione generale programmazione, organizzazione e coordinamento$0423419 801 0$aIT$bsalbc$gISBD 912 $a990002766140203316 951 $aP08 385$bDISTRA 951 $a300 387.71 MIN$b8033 DISES 959 $aBK 969 $aDISTRA 969 $aDISES 979 $aDISTRA2$b10$c20060623$lUSA01$h1207 979 $c20121027$lUSA01$h1552 979 $c20121027$lUSA01$h1600 979 $c20121027$lUSA01$h1611 996 $aAeroporti europei$9997692 997 $aUNISA DEB $aUSA8973 LEADER 01315nam--2200409---450 001 990000439270203316 005 20221019102501.0 010 $a88-238-0331-4 035 $a0043927 035 $aUSA010043927 035 $a(ALEPH)000043927USA01 035 $a0043927 100 $a20010510d1996----km-y0itay0103----ba 101 $aita 102 $aIT 105 $a||||||||001yy 200 1 $aCapitale di rischio e sviluppo dell'impresa$fa cura di Alberto Dessy, Jody Vender 210 $aMilano$cEgea$d1996 215 $aX, 316 p.$d24 cm 225 2 $aBiblioteca dell'economia d'azienda 410 $12001$aBiblioteca dell'economia d'azienda 461 1$1001-------$12001 606 0 $aInvestimenti industriali 606 0 $aPiccole imprese$xCapitale di rischio 676 $a332.60945 702 1$aDESSY,$bAlberto 702 1$aVENDER,$bJody 801 0$aIT$bsalbc$gISBD 912 $a990000439270203316 951 $aX 32 XXXI 37$b11041 G.$cX 32 XXXI 951 $aXXX.B. Coll. 21/ 10 (X 32 XXXI 37)$b8045 EC$cXXX.B. Coll. 21/ 10 (X 32 XXXI)$d00252063 951 $aXXX.B. Coll. 21/ 10a (X 32 XXXI 37)$b7441 G.$cXXX.B. Coll. 21/ 10a (X 32 XXXI)$d00252064 959 $aBK 969 $aECO 969 $aGIU 996 $aCapitale di rischio e sviluppo dell'impresa$964618 997 $aUNISA